| 000 | 00000nam##2200000za#4500 |
| 001 | 9.578704 |
| 003 | CaOODSP |
| 005 | 20210624190219 |
| 007 | cr ||||||||||| |
| 008 | 150406|2007||||xxc|||||o f|0| 0 eng|d |
| 040 | |aCaOODSP|beng |
| 043 | |an-cn--- |
| 086 | 1 |aFs3-5/2007-04E-PDF |
| 110 | 1 |aCanada. |bDepartment of Fisheries and Oceans. |
| 245 | 10|aAssessment of eastern Georges Bank Atlantic cod for 2007 / |h[electronic resource]|c[by] S. Gavaris, L. O'Brien, K. Clark, and B. Hatt. |
| 260 | |aOttawa - Ontario : |bFisheries and Oceans Canada |
| 300 | |a51p.|bgraphs, maps (some coloured), references, tables |
| 490 | 1 |aTransboundary Resource Assessment Committee reference document|v2007/04 |
| 546 | |a(Résumé en français) |
| 590 | |a14-12-Supp|b2014-05-30 |
| 830 | #0|aTransboundary Resource Assessment Committee reference document ;|v2007/04|w(CaOODSP)9.507742 |
| 856 | 40|ahttp://publications.gc.ca|qPDF|s470 KB|uhttps://publications.gc.ca/collections/collection_2014/mpo-dfo/Fs3-5-2007-04-eng.pdf|y2007/04 |